000 00688 a2200205 4500
020 _a0387948600 (hardcover : alk. paper)
035 _a(OCoLC)ocm36942551
035 _a(OCoLC)ocm36942551
035 _a(InU)AJD8458BB
035 _a(OCoLC)ocm36942551
040 _aDLC
082 0 0 _a005.1
100 1 _aSkiena, Steven S.
245 1 4 _aThe algorithm design manual
_cSteven S. Skiena.
260 _aNew York :
_bTELOS--the Electronic Library of Science,
_cc1998.
300 _axvi, 486 p. :
_bill. ;
_c25 cm. +
_e1 computer laser optical disc (4 3/4 in.).
538 _aSystem requirements: WWW browser ; CD-ROM drive.
650 0 _aComputer algorithms.
942 _cBK
_k005.1 SKI
_2ddc
999 _c5758
_d5758